Adaptation to the information society of people with disabilities in Slovakia

Pohľad na digitálnu gramotnosť v kontexte sociálnej a digitálnej integrácie do spoločnosti pre ľudí so zdravotným postihnutím. Prezentácia výsledkov výskumu v tejto oblasti na Slovensku. Využitie elektronického dotazníka.

Gespeichert in:
Bibliographische Detailangaben
1. Verfasser: Ondrejková, Anna
Format: Buchkapitel
Sprache:Englisch
Schlagworte:
Tags: Tag hinzufügen
Keine Tags, Fügen Sie das erste Tag hinzu!

MARC

LEADER 00000nla a2200000 4500
001 0224298
005 20240502083558.2
041 0 |a eng 
044 |a CZ 
245 1 0 |a Adaptation to the information society of people with disabilities in Slovakia  |c Anna Ondrejková 
520 |a Pohľad na digitálnu gramotnosť v kontexte sociálnej a digitálnej integrácie do spoločnosti pre ľudí so zdravotným postihnutím. Prezentácia výsledkov výskumu v tejto oblasti na Slovensku. Využitie elektronického dotazníka. 
610 2 0 |a spoločnosť informačná 
610 2 0 |a gramotnosť digitálna 
610 2 0 |a gramotnosť informačná 
610 2 0 |a invalidi 
610 2 0 |a technológie informačné 
610 2 0 |a technológie komunikačné 
610 2 0 |a prieskum informačný 
610 2 0 |a dotazníky 
610 2 0 |a Slovensko 
100 1 |a Ondrejková, Anna